Grammar in context (basic)
Enregistré dans:
| Auteur principal: | |
|---|---|
| Format: | Livre |
| Langue: | Undetermined |
| Publié: |
Boston, MA
Thomson/Hinle
2005
|
| Sujets: | |
| Tags: |
Ajouter un tag
Pas de tags, Soyez le premier à ajouter un tag!
|
| Thư viện lưu trữ: | Trung tâm Học liệu Trường Đại học Cần Thơ |
|---|
| LEADER | 00606nam a2200205Ia 4500 | ||
|---|---|---|---|
| 001 | CTU_123953 | ||
| 008 | 210402s9999 xx 000 0 und d | ||
| 020 | |c 123000 | ||
| 082 | |a 428.24 | ||
| 082 | |b E37 | ||
| 100 | |a Elbaum, Sandra N. | ||
| 245 | 0 | |a Grammar in context (basic) | |
| 245 | 0 | |c Sandra N. Elbaum, Judi P. Peman | |
| 260 | |a Boston, MA | ||
| 260 | |b Thomson/Hinle | ||
| 260 | |c 2005 | ||
| 650 | |a English language,English language | ||
| 650 | |x Grammar,Problems, Exercises, etc.,Textbooks for foreign speakers | ||
| 904 | |i Minh | ||
| 980 | |a Trung tâm Học liệu Trường Đại học Cần Thơ | ||